Địa chí văn hóa dân gian Nghệ Tĩnh

সংরক্ষণ করুন:
গ্রন্থ-পঞ্জীর বিবরন
প্রধান লেখক: Nguyễn Đổng Chi
বিন্যাস: গ্রন্থ
ভাষা:Undetermined
প্রকাশিত: Nghệ An Nxb. Nghệ An 1995
বিষয়গুলি:
ট্যাগগুলো: ট্যাগ যুক্ত করুন
কোনো ট্যাগ নেই, প্রথমজন হিসাবে ট্যাগ করুন!
Thư viện lưu trữ: Trung tâm Học liệu Trường Đại học Cần Thơ
LEADER 00537nam a2200181Ia 4500
001 CTU_21629
008 210402s9999 xx 000 0 und d
082 |a 398.09597 
082 |b Ch300 
100 |a Nguyễn Đổng Chi 
245 0 |a Địa chí văn hóa dân gian Nghệ Tĩnh 
245 0 |c Nguyễn Đổng Chi 
260 |a Nghệ An 
260 |b Nxb. Nghệ An 
260 |c 1995 
650 |a folk literature, vietnamese 
904 |i Minh, 980116 
980 |a Trung tâm Học liệu Trường Đại học Cần Thơ